000
00235nam a2200097Ia 4500
001
684994
005
20250826161509.0
008
250824s9999 xx 000 0 und d
245
0
_a
YOLDA/B.UZUNER/EVEREST
_c
BUKET UZUNER
260
_b
EVEREST
999
_c
684994
_d
684994